Statystyki dla Top 10 Krajów Katolickich

Kliknij tutaj aby rozwiązać quiz!

Ogólne statystyki

  • Ten quiz został rozwiązany 660 razy
    (331 od ostatniego zresetowania)
  • Średni wynik to 5 z 10

Statystyki odpowiedzi

%Kraj% Poprawnych
85.8Polska
99%
83.0Włochy
82%
100Watykan
79%
90.5San Marino
56%
82.3Monako
36%
88.2Andora
34%
88.7Malta
33%
86.3Chorwacja
26%
96.9Timor Wschodni
15%
89.0Paragwaj
6%

Rozkład punktacji

Percentyl według liczby udzielonych odpowiedzi

Procent ludzi z każdym wynikiem

Twoja historia wyników

Nie rozwiązałeś tego quizu od ostatniego zresetowania